[Event "Ruhrgebiet Verbandsbezirksliga Gr 1"]
[Site "Ruhrgebiet"]
[Date "2019.04.07"]
[Round "8.2"]
[White "Gaessner, Marcus"]
[Black "Rybicki, Hans"]
[Result "1/2-1/2"]
[WhiteElo "1820"]
[BlackElo "1756"]
[PlyCount "21"]
[EventDate "2018.09.30"]
[EventType "team-tourn"]
[EventRounds "9"]
[EventCountry "GER"]
[SourceTitle "EXT 2022"]
[Source "ChessBase"]
[SourceDate "2021.10.06"]
[SourceVersion "1"]
[SourceVersionDate "2021.10.06"]
[SourceQuality "1"]
[WhiteTeam "Werne SK"]
[BlackTeam "Kamen SV III"]
[WhiteTeamCountry "GER"]
[BlackTeamCountry "GER"]

1. b3 d6 2. Bb2 e5 3. e3 Nf6 4. d3 Be6 5. Nf3 h6 6. Be2 Nbd7 7. Nbd2 c6 8. 0-0 Be7 9. c4 Qc7 10. Qc2 Rc8 11. Rac1 1/2-1/2

[Event "Ruhrgebiet Verbandsbezirksliga Gr 1"]
[Site "Ruhrgebiet"]
[Date "2018.10.28"]
[Round "2.3"]
[White "Ittner, Ralf"]
[Black "Gaessner, Marcus"]
[Result "1/2-1/2"]
[WhiteElo "1693"]
[BlackElo "1820"]
[PlyCount "23"]
[EventDate "2018.09.30"]
[EventType "team-tourn"]
[EventRounds "9"]
[EventCountry "GER"]
[SourceTitle "EXT 2022"]
[Source "ChessBase"]
[SourceDate "2021.10.06"]
[SourceVersion "1"]
[SourceVersionDate "2021.10.06"]
[SourceQuality "1"]
[WhiteTeam "Hamm Koenigsspringer II"]
[BlackTeam "Werne SK"]
[WhiteTeamCountry "GER"]
[BlackTeamCountry "GER"]

1. d4 d5 2. Nf3 Nf6 3. e3 e6 4. Bd3 Bd6 5. 0-0 0-0 6. Re1 Nbd7 7. Nbd2 b6 8. c3 Bb7 9. e4 dxe4 10. Nxe4 Nxe4 11. Bxe4 Bxe4 12. Rxe4 1/2-1/2

[Event "Ruhrgebiet Verbandsbezirksliga Gr 1"]
[Site "Ruhrgebiet"]
[Date "2018.09.30"]
[Round "1.2"]
[White "Titschert, Julian"]
[Black "Gaessner, Marcus"]
[Result "1/2-1/2"]
[WhiteElo "1860"]
[BlackElo "1820"]
[PlyCount "68"]
[EventDate "2018.09.30"]
[EventType "team-tourn"]
[EventRounds "9"]
[EventCountry "GER"]
[SourceTitle "EXT 2022"]
[Source "ChessBase"]
[SourceDate "2021.10.06"]
[SourceVersion "1"]
[SourceVersionDate "2021.10.06"]
[SourceQuality "1"]
[WhiteTeam "Luenen Horstmar SC"]
[BlackTeam "Werne SK"]
[WhiteTeamCountry "GER"]
[BlackTeamCountry "GER"]

1. d4 d5 2. c4 e6 3. Nc3 Nf6 4. cxd5 exd5 5. Bg5 c6 6. e3 Be7 7. Bd3 0-0 8. Qc2 h6 9. Bh4 Re8 10. Nf3 Nbd7 11. 0-0 Nh5 12. Bxe7 Qxe7 13. Rab1 a5 14. a3 Nhf6 15. b4 axb4 16. axb4 b5 17. Qb3 Bb7 18. Ra1 Nb6 19. Ne5 Nc4 20. Bxc4 dxc4 21. Qb2 Nd5 22. Nxd5 cxd5 23. h3 f6 24. Ng6 Qe4 25. Nf4 Rec8 26. Ne2 Qe7 27. Nc3 Bc6 28. Rfb1 Qb7 29. Rxa8 Rxa8 30. Ra1 Kf7 31. Ra3 Ke7 32. Qa2 Rxa3 33. Qxa3 Qb6 34. Kf1 Kd6 1/2-1/2

[Event "Ruhrgebiet Bezirksliga 16/17"]
[Site "Ruhrgebiet"]
[Date "2016.12.11"]
[Round "5.4"]
[White "Gaessner, Marcus"]
[Black "Kampmann, Michael"]
[Result "1-0"]
[WhiteElo "1779"]
[BlackElo "1597"]
[PlyCount "75"]
[EventDate "2016.08.28"]
[EventType "team-tourn"]
[EventRounds "11"]
[EventCountry "GER"]
[SourceTitle "EXT 2022"]
[Source "ChessBase"]
[SourceDate "2021.10.06"]
[SourceVersion "1"]
[SourceVersionDate "2021.10.06"]
[SourceQuality "1"]
[WhiteTeam "Werne SK"]
[BlackTeam "Luenen Horstmar SC II"]
[WhiteTeamCountry "GER"]
[BlackTeamCountry "GER"]

1. b3 d5 2. Bb2 Bf5 3. e3 e6 4. Nf3 Nf6 5. Be2 Nbd7 6. 0-0 Bd6 7. d3 h6 8. Nbd2 c6 9. c4 0-0 10. h3 Qc7 11. cxd5 exd5 12. Nd4 Be6 13. f4 Nb6 14. Rc1 Qe7 15. Nxe6 Qxe6 16. Rf3 Rfe8 17. Rc2 Bxf4 18. Rxf4 Qxe3+ 19. Rf2 d4 20. Nc4 Nxc4 21. bxc4 c5 22. Bc1 Qe6 23. Bf3 Rab8 24. Bf4 b5 25. Bxb8 Rxb8 26. Rfe2 Qd6 27. cxb5 Rxb5 28. Rb2 a6 29. Qc1 Qb6 30. a4 Rb4 31. Rxb4 cxb4 32. Qc6 Qd8 33. Qa8 Qxa8 34. Bxa8 Nd7 35. Rc2 a5 36. Be4 g6 37. Rc8+ Kg7 38. Ra8 1-0